[Event "corr freechess 2012"]
[Site "freechess.de"]
[Date "2012.09.23"]
[Round "?"]
[White "Kevekordes, Peter"]
[Black "Hellmueller, Franz"]
[Result "1-0"]
[WhiteElo "2199"]
[BlackElo "2253"]
[PlyCount "73"]
[EventDate "2012.??.??"]
[EventType "tourn (corr)"]
[SourceTitle "OM Corr 202003"]
[Source "Opening Master"]
[SourceDate "2019.05.30"]
[SourceVersion "2"]
[SourceVersionDate "2019.05.30"]
[SourceQuality "1"]

1. e4 e5 2. Nf3 Nc6 3. c3 Nf6 4. d4 Nxe4 5. d5 Ne7 6. Nxe5 Ng6 7. Qf3 Nf6 8.
Nxg6 hxg6 9. Be3 Rh5 10. c4 Bb4+ 11. Nd2 d6 12. Qd1 Bd7 13. Be2 Re5 14. a3 Ba5
15. b4 Bb6 16. Bxb6 axb6 17. Nf3 Re7 18. O-O Kf8 19. Re1 Qe8 20. h3 b5 21. Qd2
bxc4 22. Bxc4 b5 23. Rxe7 Qxe7 24. Bb3 Qe8 25. Nd4 Ra6 26. Re1 Qa8 27. Qc3 Qa7
28. Ne6+ Bxe6 29. dxe6 fxe6 30. Rxe6 Rxa3 31. Rxf6+ gxf6 32. Qxf6+ Ke8 33. Bd5
Ra1+ 34. Kh2 Ra6 35. Qxg6+ Kd8 36. Qf6+ Kd7 37. Be6+ 1-0

[Event "Sentjur Ipavec Memorial 13th"]
[Site "Sentjur"]
[Date "2012.09.22"]
[Round "4"]
[White "Novak, Gorazd"]
[Black "Brinovec, David"]
[Result "1-0"]
[WhiteElo "2254"]
[BlackElo "1840"]
[PlyCount "105"]
[EventDate "2012.09.19"]
[EventType "swiss"]
[EventRounds "9"]
[EventCountry "SLO"]
[SourceTitle "EXT 2015"]
[Source "ChessBase"]
[SourceDate "2014.11.20"]
[SourceVersion "1"]
[SourceVersionDate "2014.11.20"]
[SourceQuality "1"]

1. e4 e5 2. Nf3 Nc6 3. c3 d5 4. Qa4 dxe4 5. Nxe5 Qd5 6. Nxc6 bxc6 7. Bc4 Qd6 8.
O-O Nf6 9. d3 Be7 10. dxe4 Nxe4 11. Bxf7+ Kxf7 12. Qxe4 Ba6 13. Re1 Bf6 14. Bf4
Qd7 15. Nd2 Rae8 16. Qa4 Bd3 17. Qxa7 Rxe1+ 18. Rxe1 Re8 19. Rxe8 Qxe8 20.
Qxc7+ Kg6 21. Be3 Qe6 22. Qg3+ Kf7 23. h3 h6 24. Nb3 Bc2 25. Nd4 Qxa2 26. Nxc2
Qb1+ 27. Kh2 Qxc2 28. Qc7+ Kg8 29. Qxc6 Qxb2 30. Qe8+ Kh7 31. Qe4+ Kh8 32. Bd4
Qb8+ 33. g3 Qb2 34. Kg2 Bxd4 35. cxd4 Qb4 36. Qd3 Qb6 37. d5 Qd6 38. Qe4 Qc7
39. Qe6 Qc4 40. Qe5 Qb5 41. Qd4 Qb7 42. Kh2 Qc7 43. d6 Qd7 44. Qd5 Qa7 45. Kg2
Qd7 46. h4 Kh7 47. Kg1 Kh8 48. Qd4 Kg8 49. Qc4+ Kh8 50. Qc7 Qe6 51. d7 Qe1+ 52.
Kg2 Qe4+ 53. Kh2 1-0

[Event "Raisoni Memorial op U15"]
[Site "Nagpur"]
[Date "2012.09.20"]
[Round "6"]
[White "Karthikeyan, Murali"]
[Black "Ritviz, Parab"]
[Result "1-0"]
[WhiteElo "2325"]
[BlackElo "1996"]
[PlyCount "75"]
[EventDate "2012.09.17"]
[EventType "swiss"]
[EventRounds "11"]
[EventCountry "IND"]
[SourceTitle "CBM 150 Extra"]
[Source "ChessBase"]
[SourceDate "2012.10.19"]
[SourceVersion "1"]
[SourceVersionDate "2012.10.19"]
[SourceQuality "1"]

1. e4 e5 2. Nf3 Nc6 3. c3 Nf6 4. d4 Nxe4 5. d5 Ne7 6. Nxe5 Nf6 7. c4 d6 8. Nf3
Ng6 9. Bd3 Be7 10. O-O O-O 11. Nc3 Nd7 12. Be3 Bf6 13. Qc2 Nde5 14. Nxe5 dxe5
15. Rad1 Bg5 16. Bxg6 hxg6 17. Bxg5 Qxg5 18. c5 Bf5 19. Qd2 Qh4 20. f4 e4 21.
Qe3 Rfe8 22. d6 cxd6 23. cxd6 Rad8 24. Rd4 Re6 25. Rfd1 Rd7 26. h3 g5 27. fxg5
Bh7 28. Nd5 f5 29. Qb3 Kh8 30. Nb6 Rg6 31. Nxd7 Qxg5 32. Qc2 Qe3+ 33. Qf2 Qxh3
34. Ne5 Rg3 35. Nf7+ Kg8 36. d7 e3 37. d8=Q+ Kxf7 38. Qc7+ 1-0

[Event "SF-2012-0-00166"]
[Site "Lechenicher SchachServer"]
[Date "2012.09.20"]
[Round "?"]
[White "Kratky, Josef"]
[Black "Lonyuk, Bohdan"]
[Result "1-0"]
[WhiteElo "1164"]
[BlackElo "1184"]
[PlyCount "85"]
[EventDate "2012.08.25"]

1. e4 e5 2. Nf3 Nc6 3. c3 d5 4. Qa4 Bd7 5. exd5 Nd4 6. Qd1 Nxf3+ 7. Qxf3 Nf6 8.
Bc4 e4 9. Qe2 Bd6 10. d4 O-O 11. Bg5 h6 12. Bxf6 Qxf6 13. Nd2 Bf5 14. O-O Rfe8
15. Rae1 a6 16. a4 Qh4 17. g3 Qf6 18. f4 exf3 19. Qxf3 Rxe1 20. Rxe1 Qg6 21.
Ne4 Bf8 22. Nf2 Bd7 23. a5 Re8 24. Rxe8 Bxe8 25. Qe4 Qxe4 26. Nxe4 Kh8 27. Kf2
f5 28. Nc5 Bxc5 29. dxc5 g5 30. Ke3 Kg7 31. Kd4 Kf6 32. c6 bxc6 33. Bxa6 f4 34.
Bc8 c5+ 35. Kxc5 f3 36. Bh3 f2 37. a6 Bd7 38. Bf1 Bc8 39. Kc6 Ke5 40. Kxc7 Bxa6
41. Bxa6 Kxd5 42. b4 Ke4 43. Bf1 1-0

[Event "FICS rated standard game"]
[Site "FICS freechess.org"]
[Date "2012.09.20"]
[Round "?"]
[White "fastbutsloppy"]
[Black "DavidFisher"]
[Result "1-0"]
[WhiteElo "2346"]
[BlackElo "2046"]
[PlyCount "103"]
[EventDate "2012.??.??"]
[SourceTitle "OM Portal C 201906"]
[Source "Opening Master"]
[SourceDate "2019.06.27"]
[SourceVersion "1"]
[SourceVersionDate "2019.06.27"]
[SourceQuality "1"]

1. e4 e5 2. Nf3 Nc6 3. c3 Nf6 4. d4 d5 5. Bb5 Nxe4 6. Nxe5 Bd7 7. Bxc6 bxc6 8.
O-O Bd6 9. Qh5 O-O 10. f3 Nf6 11. Qh4 h6 12. Bf4 Re8 13. Nd2 c5 14. Nxd7 Nxd7
15. Qxd8 Raxd8 16. Bxd6 cxd6 17. Rfe1 Nb6 18. b3 Kf8 19. Kf2 a5 20. Rxe8+ Rxe8
21. Nf1 a4 22. Ne3 g6 23. bxa4 cxd4 24. cxd4 Rc8 25. Rb1 Nxa4 26. Ke1 Re8 27.
Rb3 Nb2 28. Kf2 Nc4 29. Nxd5 Ra8 30. Nc3 Ke7 31. Rb4 Na3 32. Rb7+ Ke6 33. d5+
Kf6 34. f4 Nc4 35. g4 Ra3 36. Rb3 Ra5 37. h4 Nd2 38. g5+ hxg5 39. hxg5+ Kf5 40.
Rb7 Kxf4 41. Ke2 Nc4 42. Rb4 Kxg5 43. Rxc4 Kf5 44. a4 Ke5 45. Kd3 f5 46. Rc8 g5
47. Ke3 f4+ 48. Kf2 g4 49. Rc4 Ra8 50. Ne2 f3 51. Nc3 Rh8 52. Rxg4 1-0

[Event "Regional Norte de Xadrez"]
[Site "Taj Mahal Continental Hotel, "]
[Date "2012.09.16"]
[Round "6.8"]
[White "Oliveira, Denyam Lauth"]
[Black "Benayon, Elismar da Silva"]
[Result "1-0"]
[WhiteElo "1930"]
[BlackElo "1816"]
[PlyCount "23"]
[EventDate "2012.09.14"]
[EventRounds "6"]
[EventCountry "BRA"]
[SourceTitle "OM OTB B 201907"]
[Source "Opening Master"]
[SourceDate "2019.07.06"]
[SourceVersion "2"]
[SourceVersionDate "2019.07.06"]
[SourceQuality "1"]

1. e4 e5 2. Nf3 Nc6 3. c3 Bc5 4. d4 exd4 5. cxd4 Bb4+ 6. Nc3 Nf6 7. Bd3 O-O 8.
Bg5 h6 9. Bh4 Be7 10. O-O Nxe4 11. Bxe7 Qxe7 12. Bxe4 1-0

[Event "HUN-chT2 Asztalos 1213"]
[Site "Hungary"]
[Date "2012.09.16"]
[Round "1.11"]
[White "Horvath, Ferenc"]
[Black "Horvath, Balazs"]
[Result "0-1"]
[WhiteElo "1582"]
[BlackElo "1833"]
[PlyCount "120"]
[EventDate "2012.09.16"]
[EventType "team-tourn"]
[EventRounds "9"]
[EventCountry "HUN"]
[SourceTitle "EXT 2014"]
[Source "ChessBase"]
[SourceDate "2013.11.20"]
[SourceVersion "1"]
[SourceVersionDate "2013.11.20"]
[SourceQuality "1"]
[WhiteTeam "Kaposvar"]
[BlackTeam "Decs II"]
[WhiteTeamCountry "HUN"]
[BlackTeamCountry "HUN"]

1. e4 e5 2. Nf3 Nc6 3. c3 Nf6 4. d3 Be7 5. Be2 O-O 6. Nbd2 d5 7. exd5 Nxd5 8.
Nc4 Bf6 9. O-O b5 10. Ncd2 Nf4 11. Ne4 Nxe2+ 12. Qxe2 Be7 13. h3 f5 14. Ng3 Bf6
15. Nh5 b4 16. Nxf6+ Qxf6 17. Be3 Ba6 18. c4 Nd4 19. Qd1 Bb7 20. Bxd4 exd4 21.
Nd2 Qg5 22. f3 Qe3+ 23. Rf2 Qxd3 24. Rc1 c5 25. Qa4 a6 26. Nb3 Rac8 27. Qd7 Rf7
28. Qe6 Qe3 29. Qd6 Qe7 30. Qb6 Rf6 31. Qa5 Re6 32. Rff1 Re2 33. Qb6 Qg5 34.
Rf2 Qe3 35. Rcf1 Rxf2 36. Rxf2 Qe7 37. Na5 Rc7 38. Nxb7 Rxb7 39. Qxa6 Ra7 40.
Qc8+ Qf8 41. Qe6+ Kh8 42. b3 Re7 43. Qd5 f4 44. Kh2 Re1 45. Qg5 h6 46. Qh4 Qd6
47. Rd2 Qe5 48. Qf2 Qe3 49. h4 h5 50. Rb2 d3 51. Rd2 Qxf2 52. Rxf2 Re2 53. Rf1
Rxa2 54. Rd1 d2 55. g3 Kh7 56. gxf4 Kg6 57. Kg3 Kf5 58. Kf2 Kxf4 59. Ke2 Rb2
60. Rg1 Rxb3 0-1

[Event "HUN-chT2 Erkel 1213"]
[Site "Hungary"]
[Date "2012.09.16"]
[Round "1.8"]
[White "Csapo, Zoltan"]
[Black "Szurovszky, Elek"]
[Result "0-1"]
[WhiteElo "2081"]
[BlackElo "2051"]
[PlyCount "92"]
[EventDate "2012.09.16"]
[EventType "team-tourn"]
[EventRounds "11"]
[EventCountry "HUN"]
[SourceTitle "EXT 2014"]
[Source "ChessBase"]
[SourceDate "2013.11.20"]
[SourceVersion "1"]
[SourceVersionDate "2013.11.20"]
[SourceQuality "1"]
[WhiteTeam "Vizugy"]
[BlackTeam "Szigetszentmiklos"]
[WhiteTeamCountry "HUN"]
[BlackTeamCountry "HUN"]

1. e4 e5 2. Nf3 Nc6 3. c3 Be7 4. d4 d6 5. Bb5 Bd7 6. O-O Nf6 7. Qe2 O-O 8. Rd1
exd4 9. cxd4 d5 10. e5 Ne4 11. Nc3 Bf5 12. h3 Nb4 13. Ba4 c6 14. a3 Na6 15.
Bxc6 Nxc3 16. bxc3 bxc6 17. Qxa6 Qb6 18. Qxb6 axb6 19. Ne1 Ra4 20. Nd3 Rfa8 21.
Nb4 Bxb4 22. cxb4 Rxb4 23. Rd2 Rc4 24. Bb2 Be6 25. f4 h5 26. Rf1 g6 27. Rf3 b5
28. Kf2 Raa4 29. Rb3 h4 30. Bc3 c5 31. Bb2 b4 32. axb4 cxb4 33. g4 hxg3+ 34.
Rxg3 Bf5 35. h4 Ra2 36. h5 Rc2 37. Rxc2 Bxc2 38. Bc1 b3 39. hxg6 fxg6 40. Ke1
b2 41. Bxb2 Rxb2 42. Kd2 Be4+ 43. Kc3 Rg2 44. Rh3 Bf5 45. Rh1 Rc2+ 46. Kb4 Rc4+
0-1

[Event "RN-2012-0-00532"]
[Site "Lechenicher SchachServer"]
[Date "2012.09.16"]
[Round "?"]
[White "Ventura, Bob"]
[Black "Ramazzotti, Carlo"]
[Result "0-1"]
[WhiteElo "730"]
[BlackElo "695"]
[PlyCount "50"]
[EventDate "2012.09.06"]

1. e4 e5 2. Nf3 Nc6 3. c3 d6 4. h3 Nf6 5. d3 Be7 6. Be2 O-O 7. Nbd2 Be6 8. Nf1
b6 9. Ng3 h6 10. O-O d5 11. Qc2 d4 12. cxd4 Nxd4 13. Qd1 Nxf3+ 14. Bxf3 Rc8 15.
Kh1 Qd7 16. Be2 Bc5 17. f4 exf4 18. Bxf4 Bxh3 19. Bf3 Be6 20. b3 Bg4 21. Nf5
Bxf5 22. exf5 Bd4 23. Rc1 Qxf5 24. Bb7 Ng4 25. Bg3 Qh5+ 0-1

[Event "corr freechess 2012"]
[Site "freechess.de"]
[Date "2012.09.16"]
[Round "?"]
[White "Priegnitz, Uwe"]
[Black "Goettge, Markus"]
[Result "0-1"]
[WhiteElo "1304"]
[BlackElo "1398"]
[PlyCount "64"]
[EventDate "2012.??.??"]
[EventType "tourn (corr)"]
[SourceTitle "OM Corr 202003"]
[Source "Opening Master"]
[SourceDate "2019.05.30"]
[SourceVersion "2"]
[SourceVersionDate "2019.05.30"]
[SourceQuality "1"]

1. e4 e5 2. Nf3 Nc6 3. c3 d6 4. Bb5 a6 5. Ba4 b5 6. Bb3 Bg4 7. O-O Qf6 8. d4
exd4 9. h3 Bxf3 10. gxf3 dxc3 11. Nxc3 Ne5 12. f4 Nc6 13. Qd5 Kd7 14. Be3 Nge7
15. Qd2 Na5 16. Bd5 Rb8 17. b4 Nc4 18. Qe2 Qxc3 19. Qg4+ Ke8 20. e5 Nxd5 21.
Rac1 Ncxe3 22. fxe3 Qxe3+ 23. Kg2 Nxb4 24. Rfe1 Qd2+ 25. Kg1 Nd3 26. exd6+ Nxe1
27. d7+ Kd8 28. Qh4+ Be7 29. Qg4 Qxc1 30. Qxg7 Bc5+ 31. Kf1 Nd3+ 32. Kg2 Qg1+
0-1

[Event "SRB-chT2 West CS"]
[Site "Serbia"]
[Date "2012.09.15"]
[Round "3.2"]
[White "Milosevic, Slavisa"]
[Black "Roljevic, Djordje"]
[Result "0-1"]
[WhiteElo "2247"]
[BlackElo "2069"]
[PlyCount "60"]
[EventDate "2012.09.14"]
[EventType "team"]
[EventRounds "10"]
[EventCountry "SRB"]
[SourceTitle "EXT 2015"]
[Source "ChessBase"]
[SourceDate "2014.11.20"]
[SourceVersion "1"]
[SourceVersionDate "2014.11.20"]
[SourceQuality "1"]

1. e4 e5 2. Nf3 Nc6 3. c3 d5 4. Qa4 f6 5. Bb5 Nge7 6. O-O dxe4 7. Qxe4 Bf5 8.
Qe2 a6 9. Bxc6+ Nxc6 10. d4 Qd7 11. Nh4 O-O-O 12. d5 Ne7 13. Nxf5 Nxf5 14. c4
Nd4 15. Qd3 Qf5 16. Qxf5+ Nxf5 17. Nc3 Bc5 18. Bd2 b5 19. cxb5 axb5 20. Nxb5
Rxd5 21. Be1 Kb7 22. Rc1 Bb6 23. a4 Ra8 24. b3 c6 25. Nc3 Rd3 26. b4 Bd4 27. a5
Nd6 28. g3 h5 29. Kg2 e4 30. Ne2 Nf5 0-1

[Event "SLO-chT Cup"]
[Site "Ljubljana"]
[Date "2012.09.14"]
[Round "1.52"]
[White "Novak, Gorazd"]
[Black "Pridigar, Lovro"]
[Result "1/2-1/2"]
[WhiteElo "2254"]
[BlackElo "1495"]
[PlyCount "121"]
[EventDate "2012.09.14"]
[EventType "team-swiss"]
[EventRounds "5"]
[EventCountry "SLO"]
[SourceTitle "EXT 2015"]
[Source "ChessBase"]
[SourceDate "2014.11.20"]
[SourceVersion "1"]
[SourceVersionDate "2014.11.20"]
[SourceQuality "1"]
[WhiteTeam "Triglav Krsko"]
[BlackTeam "Postojna"]
[WhiteTeamCountry "SLO"]
[BlackTeamCountry "SLO"]

1. e4 e5 2. Nf3 Nc6 3. c3 Nf6 4. d4 d6 5. Bd3 Bg4 6. d5 Ne7 7. O-O Ng6 8. h3
Bd7 9. c4 c6 10. Nc3 Be7 11. Be3 O-O 12. Nh2 cxd5 13. cxd5 a6 14. a4 Rc8 15.
Qb3 Qc7 16. Rac1 Qb8 17. Nf3 Nh5 18. Rfe1 Nhf4 19. Bf1 f5 20. Bxf4 Nxf4 21. g3
fxe4 22. Nxe4 Nxh3+ 23. Kh2 Bg4 24. Nxe5 Nxf2 25. Nxf2 Rxf2+ 26. Kg1 Rxc1 27.
Rxc1 Qa7 28. Kh1 Qd4 29. Nxg4 Qxg4 30. Bg2 Qe2 31. Rc8+ Bf8 32. Qxb7 Rxg2 33.
Rxf8+ Kxf8 34. Qc8+ Kf7 35. Qe6+ Qxe6 36. dxe6+ Kxe6 37. Kxg2 Kd5 38. Kf3 Kd4
39. Kf4 d5 40. g4 Kd3 41. Ke5 d4 42. b4 Kc4 43. b5 axb5 44. axb5 Kxb5 45. Kxd4
Kc6 46. Ke5 Kd7 47. g5 Ke7 48. Kf5 Kf8 49. g6 h6 50. Ke6 Ke8 51. Kd6 h5 52. Ke5
h4 53. Kf4 h3 54. Kg3 Ke7 55. Kxh3 Kf6 56. Kh4 Kxg6 57. Kg4 Kf6 58. Kf4 g6 59.
Kg4 g5 60. Kg3 Kf5 61. Kf3 1/2-1/2

[Event "Pinneberg-ch"]
[Site "Pinneberg"]
[Date "2012.09.13"]
[Round "5"]
[White "Knaak, Michael"]
[Black "Schiller, Thomas"]
[Result "1-0"]
[WhiteElo "1905"]
[BlackElo "1727"]
[PlyCount "45"]
[EventDate "2012.08.16"]
[EventType "swiss"]
[EventRounds "7"]
[EventCountry "GER"]
[SourceTitle "EXT 2013"]
[Source "ChessBase"]
[SourceDate "2012.11.22"]
[SourceVersion "1"]
[SourceVersionDate "2012.11.22"]
[SourceQuality "1"]

1. e4 e5 2. Nf3 Nc6 3. c3 d5 4. Bb5 Bg4 5. Qa4 Qd6 6. Nxe5 Qxe5 7. Bxc6+ bxc6
8. Qxc6+ Ke7 9. f3 Rd8 10. d4 Qe6 11. Qxc7+ Ke8 12. fxg4 Qxe4+ 13. Kf2 Bd6 14.
Qc6+ Kf8 15. Nd2 Qxg4 16. Nf3 Nf6 17. Be3 Ne4+ 18. Kf1 Qh5 19. Kg1 g6 20. Re1
Kg7 21. Ne5 Rhe8 22. h4 f6 23. g4 1-0

[Event "WC-2015-Q-00005"]
[Site "Lechenicher SchachServer"]
[Date "2012.09.11"]
[Round "?"]
[White "Skonieczny, Jerzy"]
[Black "Putman, Marcel"]
[Result "1-0"]
[WhiteElo "2341"]
[BlackElo "2288"]
[PlyCount "81"]
[EventDate "2012.09.17"]
[SourceTitle "OM Corr 202003"]
[Source "Opening Master"]
[SourceDate "2019.05.30"]
[SourceVersion "2"]
[SourceVersionDate "2019.05.30"]
[SourceQuality "1"]

1. e4 e5 2. Nf3 Nc6 3. c3 Nf6 4. d4 Nxe4 5. d5 Ne7 6. Nxe5 Ng6 7. Nxg6 hxg6 8.
Bd3 Nf6 9. O-O Bc5 10. Re1+ Kf8 11. Bg5 c6 12. Qf3 cxd5 13. Nd2 b6 14. Re2 Bb7
15. Rae1 Bd6 16. g3 Bc6 17. Bxf6 Qxf6 18. Qg4 a6 19. h4 b5 20. Nf3 Rd8 21. Ng5
Bc5 22. b4 Bd6 23. Bc2 Rh6 24. Re3 d4 25. cxd4 Bxb4 26. R1e2 Qd6 27. Bb3 Bd5
28. Nxf7 Bxf7 29. Qg5 Ra8 30. Rf3 Kg8 31. Rxf7 Kh8 32. Ree7 Rh5 33. Qe3 Qxe7
34. Rxe7 Bxe7 35. Qxe7 a5 36. Bc2 b4 37. Bxg6 Rh6 38. h5 Rb8 39. Qxd7 Rh7 40.
d5 a4 41. Qc7 1-0

[Event "WC-2015-Q-00005"]
[Site "Lechenicher SchachServer"]
[Date "2012.09.11"]
[Round "?"]
[White "Skonieczny, Jerzy"]
[Black "Sander, Ingo"]
[Result "1-0"]
[WhiteElo "2341"]
[BlackElo "2221"]
[PlyCount "69"]
[EventDate "2012.09.17"]
[SourceTitle "OM Corr 202003"]
[Source "Opening Master"]
[SourceDate "2019.05.30"]
[SourceVersion "2"]
[SourceVersionDate "2019.05.30"]
[SourceQuality "1"]

1. e4 e5 2. Nf3 Nc6 3. c3 Nf6 4. d4 Nxe4 5. d5 Ne7 6. Nxe5 Ng6 7. Nxg6 hxg6 8.
Bd3 Nf6 9. O-O Bc5 10. Re1+ Kf8 11. Bg5 Rh5 12. h4 d6 13. b4 Bb6 14. Nd2 Bg4
15. Qb3 Qd7 16. a4 a6 17. Qc4 Bf5 18. Be2 Bg4 19. a5 Bxe2 20. Rxe2 Ba7 21. Rae1
Ng4 22. Nf3 Rc8 23. Re7 Bxf2+ 24. Kf1 Qb5 25. Qxb5 axb5 26. R1e4 f5 27. Re2 Bg3
28. Nd4 Nf6 29. Bxf6 gxf6 30. R2e6 Rxh4 31. Rd7 Be5 32. Nxb5 Rf4+ 33. Ke2 Rh4
34. Ree7 c6 35. Nc7 1-0

[Event "Istanbul ol (Men) 40th"]
[Site "Istanbul"]
[Date "2012.09.09"]
[Round "11.4"]
[White "Flaquer, Luis"]
[Black "McMahon, Daire"]
[Result "1-0"]
[WhiteElo "2297"]
[BlackElo "2153"]
[PlyCount "93"]
[EventDate "2012.08.28"]
[EventType "team-swiss"]
[EventRounds "11"]
[EventCountry "TUR"]
[SourceTitle "CBM 151"]
[Source "ChessBase"]
[SourceDate "2012.11.13"]
[SourceVersion "1"]
[SourceVersionDate "2012.11.13"]
[SourceQuality "1"]
[WhiteTeam "Dominican Republic"]
[BlackTeam "Ireland"]
[WhiteTeamCountry "DOM"]
[BlackTeamCountry "IRL"]

1. e4 e5 2. Nf3 Nc6 3. c3 Nf6 4. d4 exd4 5. e5 Nd5 6. cxd4 d6 7. Bb5 Be7 8. O-O
O-O 9. h3 Bd7 10. Re1 a6 11. Bc4 Nb6 12. Bb3 dxe5 13. Nxe5 Nxe5 14. dxe5 Be6
15. Qf3 Bxb3 16. axb3 Qd5 17. Re4 f5 18. Re3 Bg5 19. Nc3 Qxb3 20. Re2 Bxc1 21.
Rxc1 c6 22. e6 Rae8 23. Rce1 Rf6 24. Ne4 Qxf3 25. Nxf6+ gxf6 26. gxf3 Nd5 27.
Rd2 Kf8 28. Rd4 f4 29. Kh2 Ke7 30. Rg1 Kd6 31. Rg7 Re7 32. Rxe7 Kxe7 33. Re4 a5
34. h4 b5 35. Re1 a4 36. Kh3 c5 37. Kg4 c4 38. Kf5 c3 39. bxc3 Nxc3 40. Rg1 b4
41. Rg7+ Ke8 42. Kxf6 Nd5+ 43. Ke5 Ne7 44. Rxh7 Kf8 45. Kd6 Nf5+ 46. Kd7 Kg8
47. Rf7 1-0

[Event "Recife Arraes Memorial 5th"]
[Site "Recife"]
[Date "2012.09.09"]
[Round "6"]
[White "Born, Ary"]
[Black "Patric, David Marcelino"]
[Result "0-1"]
[WhiteElo "1437"]
[BlackElo "1819"]
[PlyCount "82"]
[EventDate "2012.09.06"]
[EventType "swiss"]
[EventRounds "7"]
[EventCountry "BRA"]
[SourceTitle "EXT 2013"]
[Source "ChessBase"]
[SourceDate "2012.11.22"]
[SourceVersion "1"]
[SourceVersionDate "2012.11.22"]
[SourceQuality "1"]

1. e4 e5 2. Nf3 Nc6 3. c3 Nf6 4. d4 exd4 5. cxd4 Nxe4 6. d5 Ne7 7. Bb5 c6 8.
Bc4 Qa5+ 9. Bd2 Nxd2 10. Nbxd2 Nxd5 11. O-O Bb4 12. Qe2+ Ne7 13. h4 O-O 14.
Rad1 d5 15. Bb3 Bg4 16. Qd3 Bxd2 17. Bc2 Bf5 18. Qxd2 Qxd2 19. Rxd2 Bxc2 20.
Rxc2 Rfe8 21. b4 Rac8 22. Nd4 Ng6 23. g3 Ne5 24. Kg2 Nc4 25. Nf5 g6 26. Rxc4
dxc4 27. Nd6 Rcd8 28. Nxe8 Rxe8 29. a4 b5 30. axb5 cxb5 31. Ra1 Re7 32. Kf3 Kg7
33. g4 f5 34. Ra5 fxg4+ 35. Kxg4 c3 36. Rxb5 Rc7 37. h5 c2 38. f4 c1=Q 39. Rb8
Qg1+ 40. Kh4 g5+ 41. Kh3 Rc3# 0-1

[Event "CNJ Echipe - O12"]
[Site "?"]
[Date "2012.09.09"]
[Round "?"]
[White "Colonescu, Anna-Diana"]
[Black "Bolea, Alexandru-Mihai"]
[Result "0-1"]
[WhiteElo "1560"]
[BlackElo "1447"]
[PlyCount "60"]
[EventDate "2012.??.??"]
[SourceTitle "OM OTB B 201907"]
[Source "Opening Master"]
[SourceDate "2019.07.06"]
[SourceVersion "2"]
[SourceVersionDate "2019.07.06"]
[SourceQuality "1"]

1. e4 e5 2. Nf3 Nc6 3. c3 Nf6 4. d3 d5 5. Qc2 Bg4 6. Be2 Bc5 7. O-O O-O 8. Bg5
dxe4 9. dxe4 Qe7 10. Nbd2 a6 11. Nc4 Bxf3 12. Bxf3 h6 13. Bh4 Rac8 14. Rfe1 b5
15. Ne3 Rfd8 16. Nd5 Qe6 17. h3 g5 18. Nxf6+ Qxf6 19. Bg3 Rd6 20. Rad1 Rcd8 21.
Rxd6 Rxd6 22. Rd1 Qd8 23. Rxd6 Qxd6 24. h4 f6 25. Qe2 Ne7 26. Bh5 Kg7 27. hxg5
hxg5 28. Bg4 Bb6 29. a4 bxa4 30. Qxa6 Bxf2+ 0-1

[Event "GER-chT North U14"]
[Site "Magdeburg"]
[Date "2012.09.08"]
[Round "5.3"]
[White "Lenz, Finn Thore"]
[Black "Laewen, Tim"]
[Result "1-0"]
[WhiteElo "1164"]
[BlackElo "1496"]
[PlyCount "79"]
[EventDate "2012.09.06"]
[EventType "team-swiss"]
[EventRounds "7"]
[EventCountry "GER"]
[SourceTitle "EXT 2015"]
[Source "ChessBase"]
[SourceDate "2014.11.20"]
[SourceVersion "1"]
[SourceVersionDate "2014.11.20"]
[SourceQuality "1"]
[WhiteTeam "Hamburg Koenigsspringer"]
[BlackTeam "Granschuetz"]
[WhiteTeamCountry "GER"]
[BlackTeamCountry "GER"]

1. e4 e5 2. Nf3 Nc6 3. c3 Nf6 4. Qc2 d6 5. Bc4 Be7 6. d3 h6 7. Nbd2 a6 8. Nf1
O-O 9. Ng3 Na5 10. Bb3 Nxb3 11. Qxb3 b5 12. O-O c5 13. Bd2 Qc7 14. Qd1 Re8 15.
Qc1 Bf8 16. Nh4 Kh8 17. f4 exf4 18. Rxf4 Ng8 19. Nhf5 Bxf5 20. Nxf5 Rad8 21.
Rh4 d5 22. Bg5 Rd7 23. exd5 Rxd5 24. Re4 Rde5 25. Bf4 Nf6 26. Rxe5 Rxe5 27.
Bxe5 Qxe5 28. Ng3 Bd6 29. Qe1 Qf4 30. Qf2 Qe5 31. Re1 Qd5 32. Ne4 Bxh2+ 33. Kh1
Qh5 34. Qf3 Qh4 35. Rd1 Bg3+ 36. Kg1 Nxe4 37. dxe4 Bh2+ 38. Kf1 f6 39. Rd8+ Kh7
40. Qf5+ 1-0

[Event "GER-chT North U14"]
[Site "Magdeburg"]
[Date "2012.09.08"]
[Round "5.2"]
[White "Rost, Henning"]
[Black "Cejda, Cecilia"]
[Result "0-1"]
[WhiteElo "1388"]
[BlackElo "1234"]
[PlyCount "98"]
[EventDate "2012.09.06"]
[EventType "team-swiss"]
[EventRounds "7"]
[EventCountry "GER"]
[SourceTitle "EXT 2015"]
[Source "ChessBase"]
[SourceDate "2014.11.20"]
[SourceVersion "1"]
[SourceVersionDate "2014.11.20"]
[SourceQuality "1"]
[WhiteTeam "Bad Schwartau"]
[BlackTeam "Magdeburg Aufbau Elbe"]
[WhiteTeamCountry "GER"]
[BlackTeamCountry "GER"]

1. e4 e5 2. Nf3 Nc6 3. c3 d5 4. Qa4 dxe4 5. Nxe5 Qd5 6. Nxc6 Bd7 7. Bc4 Qxc6 8.
Qxc6 Bxc6 9. O-O Bc5 10. b4 Bb6 11. d4 exd3 12. Re1+ Ne7 13. Bxd3 O-O-O 14. Bc2
Rhe8 15. Na3 Nd5 16. Bb2 Rxe1+ 17. Rxe1 Nf4 18. c4 a5 19. g3 Nh3+ 20. Kf1 Kb8
21. b5 Bf3 22. Bxg7 Bxf2 23. Ra1 Bc5 24. Nb1 Rg8 25. Nd2 Bg4 26. Bc3 Re8 27.
Re1 Rd8 28. Nb3 Bf2 29. Re7 a4 30. Na5 Bc5 31. Rxf7 Ng5 32. Rf6 Re8 33. Bf5
Be2+ 34. Kg2 Bf3+ 35. Kf1 Re2 36. Bd3 Re3 37. Rxf3 Nxf3 38. Bxh7 Rxc3 39. Kg2
Bb4 40. Be4 Bxa5 41. Bxf3 Rc2+ 42. Kh3 Rxa2 43. Kg4 Rxh2 44. Kg5 a3 45. g4 a2
46. Kg6 a1=Q 47. c5 Qb1+ 48. Kf7 Rh6 49. Bxb7 Qh7+ 0-1

[Event "corr freechess 2012"]
[Site "freechess.de"]
[Date "2012.09.08"]
[Round "?"]
[White "Priegnitz, Uwe"]
[Black "Kiekhaefer, Andreas"]
[Result "1-0"]
[WhiteElo "1304"]
[BlackElo "1426"]
[PlyCount "73"]
[EventDate "2012.??.??"]
[EventType "tourn (corr)"]
[SourceTitle "OM Corr 202003"]
[Source "Opening Master"]
[SourceDate "2019.05.30"]
[SourceVersion "2"]
[SourceVersionDate "2019.05.30"]
[SourceQuality "1"]

1. e4 e5 2. Nf3 Nc6 3. c3 Bc5 4. d4 exd4 5. cxd4 Bb4+ 6. Bd2 Bxd2+ 7. Nbxd2 d6
8. h3 Bd7 9. a3 Nf6 10. Bd3 Qe7 11. O-O O-O-O 12. Re1 h6 13. b4 b6 14. d5 Ne5
15. Ba6+ Kb8 16. Nb3 Qe8 17. Nbd4 g5 18. Qc2 c6 19. Nxe5 dxe5 20. Nxc6+ Bxc6
21. dxc6 Qe7 22. Red1 Rd6 23. Rxd6 Qxd6 24. Rd1 Qc7 25. b5 h5 26. Qd2 Rg8 27.
Qe2 h4 28. Qf3 Qe7 29. a4 g4 30. hxg4 Rxg4 31. Qh3 Qf8 32. Rc1 Kc7 33. f3 Rf4
34. Rd1 Qg8 35. Rd7+ Kb8 36. Rb7+ Ka8 37. c7 1-0